[Event "BCF-chT3 0809 (4NCL)"]
[Site "Hinckley Island"]
[Date "2009.05.03"]
[Round "10.5"]
[White "Deacon, Paul"]
[Black "Terry, Sean"]
[Result "1/2-1/2"]
[WhiteElo "1930"]
[BlackElo "1870"]
[PlyCount "98"]
[EventDate "2008.10.18"]
[EventType "team-swiss"]
[EventRounds "11"]
[EventCountry "ENG"]
[SourceTitle "EXT 2010"]
[Source "ChessBase"]
[SourceDate "2010.11.25"]
[SourceVersion "1"]
[SourceVersionDate "2010.11.25"]
[SourceQuality "1"]
[WhiteTeam "Leicester II"]
[BlackTeam "Oxford III"]
[WhiteTeamCountry "ENG"]
[BlackTeamCountry "ENG"]

1. e4 Nf6 2. e5 Nd5 3. d4 d6 4. Nf3 Bg4 5. Be2 dxe5 6. Nxe5 Bxe2 7. Qxe2 e6 8. 0-0 Be7 9. c4 Nf6 10. Rd1 c6 11. Nc3 0-0 12. Bg5 Nfd7 13. Bxe7 Qxe7 14. Nxd7 Qxd7 15. Rd3 Na6 16. Rad1 Rae8 17. Rh3 g6 18. Ne4 f6 19. f4 Qc7 20. Rf1 Qd7 21. Qf2 Rd8 22. Rd1 Qg7 23. Qe3 c5 24. d5 exd5 25. Nxc5 dxc4 26. Rxd8 Rxd8 27. Nxa6 bxa6 28. Qe6+ Kf8 29. Re3 Qf7 30. Qxa6 Qc7 31. Qxf6+ Kg8 32. Qe6+ Qf7 33. Qxf7+ Kxf7 34. Re2 Rd1+ 35. Kf2 Ra1 36. b3 cxb3 37. axb3 h5 38. h3 a5 39. g4 hxg4 40. hxg4 a4 41. bxa4 Rxa4 42. Kg3 Kf6 43. Rc2 Ra6 44. Rc5 Rb6 45. Kf3 Rb3+ 46. Ke4 Rb4+ 47. Ke3 Ra4 48. Rc6+ Kf7 49. Rd6 g5 1/2-1/2

[Event "BCF-chT3 0809 (4NCL)"]
[Site "Hinckley Island"]
[Date "2009.02.07"]
[Round "5.6"]
[White "Bunn, Matthew"]
[Black "Deacon, Paul"]
[Result "0-1"]
[WhiteElo "1840"]
[BlackElo "1930"]
[PlyCount "66"]
[EventDate "2008.10.18"]
[EventType "team-swiss"]
[EventRounds "11"]
[EventCountry "ENG"]
[SourceTitle "EXT 2010"]
[Source "ChessBase"]
[SourceDate "2010.11.25"]
[SourceVersion "1"]
[SourceVersionDate "2010.11.25"]
[SourceQuality "1"]
[WhiteTeam "AMCA Rhinos"]
[BlackTeam "Leicester II"]
[WhiteTeamCountry "ENG"]
[BlackTeamCountry "ENG"]

1. d4 Nf6 2. c4 e5 3. dxe5 Ng4 4. Bf4 Bb4+ 5. Nd2 Nc6 6. Ngf3 Qe7 7. e4 Ngxe5 8. Nxe5 Nxe5 9. f3 0-0 10. Be2 Qf6 11. Bg3 d6 12. 0-0 Nc6 13. Rb1 Qd4+ 14. Bf2 Qxd2 15. Qxd2 Bxd2 16. Rbd1 Bh6 17. Rd5 f5 18. c5 Be6 19. Rdd1 fxe4 20. cxd6 cxd6 21. fxe4 Bf4 22. Bf3 Bxa2 23. Ra1 Be6 24. b4 Be5 25. Rad1 Nxb4 26. Bd4 Rfd8 27. Rd2 Nc6 28. Be3 a5 29. Bd1 a4 30. Bg5 Rd7 31. Rdf2 Bd4 32. Kh1 Bxf2 33. Rxf2 a3 0-1